25 Największych Miast Byłej Jugosławii na Mapie - Statystyki

Ogólne statystyki
  • Ten quiz został rozwiązany 42 razy
  • Średni wynik to 13 z 25
Odpowiedzi na mapie
Odpowiedzi zakodowano w zielono-czerwonej skali na mapie do tego quizu, zgodnie z poniższymi procentami.
 
Statystyki odpowiedzi
Kraj Miasto Populacja % Poprawnych
Serbia Belgrad 1,2 mln
100%
Chorwacja Zagrzeb 660k
100%
Słowenia Lublana 290k
97%
Kosowo Prisztina 140k
95%
Bośnia Sarajewo 350k
95%
Macedonia Skopje 420k
89%
Chorwacja Split 150k
89%
Czarnogóra Podgorica 170k
79%
Słowenia Maribor 100k
68%
Serbia Nowy Sad 260k
66%
Chorwacja Rijeka 110k
61%
Chorwacja Zadar 65k
61%
Bośnia Banja Luka 135k
55%
Chorwacja Osijek 75k
45%
Serbia Nisz 180k
34%
Serbia Subotica 90k
32%
Serbia Kragujevac 145k
29%
Kosowo Prizren 75k
26%
Bośnia Zenica 70k
24%
Bośnia Tuzla 75k
21%
Macedonia Bitola 70k
18%
Serbia Čačak 70k
13%
Macedonia Kumanowo 75k
13%
Serbia Novi Pazar 70k
11%
Serbia Pančevo 75k
11%
Nie znaleziono quizów pasujących do podanych kryteriów
Rozkład punktacji
Procent ludzi z każdym wynikiem
Percentyl według liczby udzielonych odpowiedzi
Twoja historia wyników
Nie rozwiązałeś tego quizu